00473nam a2200169Ia 4500003000400000008004100004040001600045082001800061100003400079245006100113260003200174300001100206490000500217650002800222650003000250650002300280GCL140319s9999 xx 000 0 ara d aGCL / cGCL04a813.03bا ع1 aاحسان عبدالقدوس10aعلبة من صفيح / cاحسان عبدالقدوس a[S.N] : bمكتبة مصر a255 ص a04aالادب العربى04aالقصص العربية04aالمجموعات